[Event "Muensterland Verbandsliga Gr1 2223"]
[Site "Germany"]
[Date "2022.09.10"]
[Round "1.8"]
[White "Koesters, Michael"]
[Black "Henke, Wolfgang1"]
[Result "1/2-1/2"]
[WhiteElo "1512"]
[BlackElo "1680"]
[PlyCount "29"]
[EventDate "2022.09.10"]
[EventType "team-tourn"]
[EventRounds "5"]
[EventCountry "GER"]
[SourceTitle "EXT 2024"]
[Source "ChessBase"]
[SourceDate "2023.10.10"]
[SourceVersion "1"]
[SourceVersionDate "2023.10.10"]
[SourceQuality "1"]
[WhiteTeam "Nienberge II"]
[BlackTeam "Beelen"]
[WhiteTeamCountry "GER"]
[BlackTeamCountry "GER"]

1. e4 e5 2. Nf3 Nc6 3. Bb5 f5 4. d3 fxe4 5. dxe4 Nf6 6. Bg5 Bc5 7. Nbd2 Qe7 8. Qe2 d6 9. h3 Bd7 10. c3 a6 11. Bc4 Nd8 12. Be3 Ne6 13. g3 Bc6 14. b4 Bxe3 15. Qxe3 1/2-1/2

[Event "Muensterland Verbandsklasse 1819"]
[Site "Germany"]
[Date "2018.10.06"]
[Round "2.8"]
[White "May, Peter"]
[Black "Koesters, Michael"]
[Result "1-0"]
[WhiteElo "1558"]
[BlackElo "1606"]
[PlyCount "69"]
[EventDate "2018.09.15"]
[EventType "team-tourn"]
[EventRounds "9"]
[EventCountry "GER"]
[SourceTitle "EXT 2020"]
[Source "ChessBase"]
[SourceDate "2019.10.17"]
[SourceVersion "1"]
[SourceVersionDate "2019.10.17"]
[SourceQuality "1"]
[WhiteTeam "Hiltrup"]
[BlackTeam "Nienberge II"]
[WhiteTeamCountry "GER"]
[BlackTeamCountry "GER"]

1. e4 b6 2. d4 Bb7 3. Nc3 e6 4. Bd3 Bb4 5. Bd2 Nf6 6. Nge2 c5 7. Nb5 Bxd2+ 8. Qxd2 d6 9. e5 c4 10. Nxd6+ Kf8 11. Nxb7 Qd5 12. Qb4+ Kg8 13. Qxc4 Qxc4 14. Bxc4 Nd5 15. Bxd5 exd5 16. Nf4 Nc6 17. 0-0-0 Ne7 18. Nd6 g6 19. g4 Kg7 20. h4 h6 21. Nh3 Rad8 22. f4 Nc8 23. Nxc8 Rxc8 24. f5 Rc6 25. Nf4 Rd8 26. fxg6 fxg6 27. h5 g5 28. Ng6 Re6 29. Rhf1 Rde8 30. Rf5 Rc8 31. Rdf1 Rc7 32. c3 a5 33. Rf6 Rxf6 34. Rxf6 Rb7 35. Rd6 1-0

[Event "Muensterland Verbandsklasse-B 1112"]
[Site "Germany"]
[Date "2012.02.11"]
[Round "6.7"]
[White "Koesters, Michael"]
[Black "Pohlmeier, Ulrich"]
[Result "1/2-1/2"]
[WhiteElo "1553"]
[BlackElo "1640"]
[PlyCount "43"]
[EventDate "2011.09.17"]
[EventType "team-tourn"]
[EventRounds "9"]
[EventCountry "GER"]
[SourceTitle "EXT 2013"]
[Source "ChessBase"]
[SourceDate "2012.11.22"]
[SourceVersion "1"]
[SourceVersionDate "2012.11.22"]
[SourceQuality "1"]
[WhiteTeam "Nienberge II"]
[BlackTeam "Rheine Klein Berlin II"]
[WhiteTeamCountry "GER"]
[BlackTeamCountry "GER"]

1. e4 g6 2. Nf3 Bg7 3. Nc3 d6 4. d4 Nf6 5. Be3 0-0 6. h3 Nbd7 7. Qd2 c5 8. d5 a6 9. a4 Nb6 10. b3 Nxe4 11. Nxe4 Bxa1 12. c4 e6 13. dxe6 Bxe6 14. Nxd6 Qc7 15. Bf4 Rad8 16. Qc1 Bg7 17. Nf5 Qd7 18. Nxg7 Kxg7 19. Bh6+ Kg8 20. Bxf8 Kxf8 21. Be2 Re8 22. 0-0 1/2-1/2

[Event "Steinfurt Bezirksliga 0708"]
[Site "Germany"]
[Date "2008.04.19"]
[Round "8.7"]
[White "Kumpmann, Ulrich"]
[Black "Koesters, Michael"]
[Result "0-1"]
[WhiteElo "1459"]
[BlackElo "1551"]
[PlyCount "104"]
[EventDate "2007.09.22"]
[EventType "team-tourn"]
[EventRounds "9"]
[EventCountry "GER"]
[SourceTitle "EXT 2009"]
[Source "ChessBase"]
[SourceDate "2008.11.26"]
[SourceVersion "1"]
[SourceVersionDate "2008.11.26"]
[SourceQuality "1"]
[WhiteTeam "Nordwalde II"]
[BlackTeam "Rheine Klein Berlin II"]
[WhiteTeamCountry "GER"]
[BlackTeamCountry "GER"]

1. e4 c5 2. Nc3 Nc6 3. Nf3 d6 4. Bc4 Bg4 5. h3 Bh5 6. Bb5 a6 7. Ba4 b5 8. Nxb5 axb5 9. Bxb5 Qb6 10. a4 Nf6 11. Qe2 Nd7 12. c3 e6 13. g4 Bg6 14. Nh4 Be7 15. Nxg6 hxg6 16. Qe3 Rb8 17. Ra3 Na7 18. Bc4 Ne5 19. Rb3 Qc7 20. Rxb8+ Qxb8 21. Be2 Qb3 22. Bd1 Qc4 23. Be2 Qxa4 24. d4 cxd4 25. cxd4 Nec6 26. d5 Nd4 27. Bd3 Qb4+ 28. Kf1 Qc5 29. Kg2 Nb3 30. Qxc5 Nxc5 31. Be3 Nxd3 32. Bxa7 exd5 33. exd5 Nf4+ 34. Kg3 Nxd5 35. Re1 Kd7 36. Rd1 Nb4 37. Bc5 Rb8 38. Rd2 Rb5 39. Bd4 Bf6 40. Bxf6 gxf6 41. Rd4 Nc2 42. Rf4 Ke6 43. Re4+ Re5 44. Rxe5+ fxe5 45. h4 d5 46. h5 gxh5 47. gxh5 Kf5 48. Kf3 e4+ 49. Ke2 d4 50. Kd2 Nb4 51. b3 Kg5 52. Ke2 Kxh5 0-1

[Event "Steinfurt Bezirksliga 0405"]
[Site "Germany"]
[Date "2005.05.21"]
[Round "9.6"]
[White "Hillen, Thomas"]
[Black "Koesters, Michael"]
[Result "1/2-1/2"]
[WhiteElo "1476"]
[BlackElo "1562"]
[PlyCount "54"]
[EventDate "2004.09.25"]
[EventType "team-tourn"]
[EventRounds "11"]
[EventCountry "GER"]
[SourceTitle "EXT 2006"]
[Source "ChessBase"]
[SourceDate "2005.11.24"]
[SourceVersion "1"]
[SourceVersionDate "2005.11.24"]
[SourceQuality "1"]
[WhiteTeam "Emsdetten Rochade III"]
[BlackTeam "Rheine Klein Berlin II"]
[WhiteTeamCountry "GER"]
[BlackTeamCountry "GER"]

1. Nf3 b6 2. e4 c5 3. Bc4 Bb7 4. Bxf7+ Kxf7 5. Ne5+ Ke6 6. d4 Bxe4 7. Qg4+ Bf5 8. Qe2 Kf6 9. g4 e6 10. gxf5 Nc6 11. Qh5 Ke7 12. Qf7+ Kd6 13. Bf4 Nxe5 14. Bxe5+ Kc6 15. fxe6 d6 16. d5+ Kb5 17. Qb7 dxe5 18. Na3+ Ka5 19. Nc4+ Kb5 20. a4+ Kxc4 21. Qa6+ Kxd5 22. Rd1+ Kxe6 23. Rxd8 Rxd8 24. Qxa7 Rd6 25. Ke2 Nf6 26. Qa8 Rg8 27. Rd1 Be7 1/2-1/2

[Event "Steinfurt Bezirksliga 0203"]
[Site "Germany"]
[Date "2003.05.10"]
[Round "9.6"]
[White "Koesters, Michael"]
[Black "Hartmann, Eugen"]
[Result "0-1"]
[WhiteElo "1535"]
[BlackElo "1788"]
[PlyCount "50"]
[EventDate "2002.09.14"]
[EventType "team-tourn"]
[EventRounds "9"]
[EventCountry "GER"]
[SourceTitle "EXT 2004"]
[Source "ChessBase"]
[SourceDate "2003.11.25"]
[SourceVersion "1"]
[SourceVersionDate "2003.11.25"]
[SourceQuality "1"]
[WhiteTeam "Mesum"]
[BlackTeam "Ibbenbueren II"]
[WhiteTeamCountry "GER"]
[BlackTeamCountry "GER"]

1. f4 Nf6 2. e3 e6 3. Nf3 b6 4. b3 Bb7 5. Be2 d5 6. Bb2 c5 7. Ne5 Ne4 8. g3 Nd7 9. Bb5 Nef6 10. Qe2 a6 11. Bxd7+ Nxd7 12. d3 Nxe5 13. fxe5 Be7 14. Nd2 0-0 15. 0-0-0 f5 16. h4 b5 17. Rhg1 a5 18. d4 c4 19. c3 b4 20. bxc4 bxc3 21. Bxc3 dxc4 22. Nf3 Be4 23. Qxc4 Bxf3 24. Qxe6+ Kh8 25. Rdf1 Bd5 0-1